00321 a2200109 4500020002200000082001000022100002200032245007900054250001900133260004700152300001200199 a978-0-07-305194-9 a515.9 aBrown, James Ward aComplex Variables and ApplicationscJames Ward Brown and Ruel V. Churchill aEighth Edition aBostonbMcGraw Hill Higher Educationc2004 axi, 468